Journeys toward progress: studies of economic policy-making in Latin America

Guardado en:
Detalles Bibliográficos
Autor principal: Hirschman, Albert O (Autor)
Formato: Libro
Lenguaje:inglés
Publicado: Nueva York Doubleday & Company 1965
Colección:Anchor Books
Materias:
Etiquetas: Agregar Etiqueta
Sin Etiquetas, Sea el primero en etiquetar este registro!

MARC

LEADER 00000nam a2200000 a 4500
001 UCQ1231
003 CL-VaPUC
008 980709e19650000US |||||||||||||||||eng|d
082 0 4 |a 330.98  |b HIR  |2 21 
100 |a Hirschman, Albert O  |e author  |9 453569 
245 1 0 |a Journeys toward progress: studies of economic policy-making in Latin America 
300 |a 397 p 
942 |c BK 
945 |d 19980709 00:00:00  |a crobeson 
260 |a Nueva York  |b Doubleday & Company  |c 1965 
650 0 |a Política económica   |9 255029 
650 0 |a Condiciones económicas  |9 258255 
650 0 |a Desarrollo económico y social   |9 256320 
650 0 |a Inflación   |9 257218 
650 0 |a REFORMA AGRARIA  |9 256789 
651 0 |a América Latina   |9 255027 
583 |a last modification  |c 19980709 00:00:00  |k Rodrigo Vera 
490 0 |a Anchor Books 
999 |c 272235  |d 272233 
952 |0 0  |1 0  |4 0  |6 330_980000000000000_HIR_1965  |7 0  |8 A  |9 307122  |a BIBENE  |b BIBENE  |d 2019-11-20  |i 1432419  |l 1  |o 330.98 HIR 1965  |p 1432419  |r 2025-01-15  |s 2024-07-22  |w 2019-11-20  |y BK  |k ICO